[Event "Fredericia Chess 2023 IM"]
[Site "Fredericia"]
[Date "2023.05.19"]
[Round "5.3"]
[White "Loftgaard, Mikkel Vinh"]
[Black "Nielsen, Viktor Haarmark"]
[Result "1/2-1/2"]
[WhiteElo "2258"]
[BlackElo "2328"]
[PlyCount "76"]
[EventDate "2023.05.17"]
[EventType "tourn"]
[EventRounds "9"]
[EventCountry "DEN"]
[SourceTitle "Live"]

1. e4 e5 2. Nf3 Nc6 3. Bc4 Bc5 4. c3 Nf6 5. d3 d6 6. O-O O-O 7. h3 a5 8. Nbd2
Be6 9. a4 h6 10. Re1 Re8 11. Qc2 Ba7 12. b3 Ne7 13. Bxe6 fxe6 14. Nc4 Nc6 15.
Be3 Bxe3 16. fxe3 Qd7 17. d4 exd4 18. exd4 d5 19. exd5 exd5 20. Nce5 Nxe5 21.
Nxe5 Qd6 22. Qg6 Rf8 23. Ng4 Nxg4 24. Qxg4 Rae8 25. Qh5 Re6 26. Rad1 c6 27. Rf1
Ref6 28. Qe2 Qe6 29. Qxe6+ Rxe6 30. Rf3 Rf7 31. Rxf7 Kxf7 32. c4 Re4 33. cxd5
cxd5 34. Rc1 Rxd4 35. Rc7+ Kf6 36. Rxb7 Rd3 37. Ke2 Rg3 38. Kf2 Rd3 1/2-1/2

[Event "Fredericia Chess 2023 IM"]
[Site "Fredericia"]
[Date "2023.05.19"]
[Round "5.4"]
[White "Ramsdal, Jens Albert"]
[Black "Brynell, Stellan"]
[Result "0-1"]
[WhiteElo "2366"]
[BlackElo "2403"]
[PlyCount "88"]
[EventDate "2023.05.17"]
[EventType "tourn"]
[EventRounds "9"]
[EventCountry "DEN"]
[SourceTitle "Live"]

1. Nf3 d5 2. g3 Nf6 3. Bg2 g6 4. O-O Bg7 5. d4 c6 6. c4 O-O 7. cxd5 cxd5 8. Bf4
Nc6 9. Ne5 Qb6 10. Nc3 Qxb2 11. Rc1 Bf5 12. Qa4 Rfd8 13. a3 Rac8 14. Nxc6 Rxc6
15. Nb5 Rxc1 16. Re1 Rd1 17. Rxd1 Bd7 18. Rc1 b6 19. Qxa7 Qxb5 20. Bf1 Qa5 21.
Qc7 Rc8 22. Qxc8+ Bxc8 23. Rxc8+ Bf8 24. Bh6 Nd7 25. e3 f6 26. e4 Kf7 27. Be3
f5 28. exd5 Nf6 29. Bc4 Nxd5 30. Bf4 e6 31. Be5 Qxa3 32. Bb5 Qe7 33. Bc6 Bg7
34. Be8+ Qxe8 35. Rxe8 Bxe5 36. Rd8 Bxd4 37. Rd7+ Kf6 38. Rxh7 b5 39. Kf1 b4
40. Rb7 Nb6 41. Ke2 b3 42. Kd3 b2 43. Kc2 Nc4 44. Rb3 b1=Q+ 0-1

[Event "Fredericia Chess 2023 IM"]
[Site "Fredericia"]
[Date "2023.05.19"]
[Round "5.5"]
[White "Larkin, Vladislav"]
[Black "Fries Nielsen, Jens Ove"]
[Result "0-1"]
[WhiteElo "2468"]
[BlackElo "2377"]
[PlyCount "84"]
[EventDate "2023.05.17"]
[EventType "tourn"]
[EventRounds "9"]
[EventCountry "DEN"]
[SourceTitle "Live"]

1. e4 Na6 2. d4 c6 3. Nf3 Nc7 4. Bd3 d5 5. exd5 Nxd5 6. Ne5 Ngf6 7. O-O g6 8.
Nd2 Bg7 9. Nb3 O-O 10. Bd2 Nd7 11. c4 Nxe5 12. dxe5 Nc7 13. Bc3 Ne6 14. f4 a5
15. f5 a4 16. fxe6 axb3 17. exf7+ Kh8 18. a4 Be6 19. a5 b6 20. a6 b5 21. cxb5
Qb6+ 22. Kh1 cxb5 23. Qe1 Rxa6 24. Qh4 Rxa1 25. Rxa1 Bxf7 26. Qxe7 Bd5 27. Rg1
Kg8 28. Qd7 Qc6 29. Bxb5 Bxg2+ 30. Rxg2 Rf1+ 31. Bxf1 Qxd7 32. Rd2 Qc6+ 33. Bg2
Qc7 34. Bd5+ Kf8 35. Rf2+ Ke8 36. Bf7+ Kd8 37. Rd2+ Ke7 38. Bd5 Qc5 39. Bxb3
Qb5 40. Kg2 Qxb3 41. Re2 Ke6 42. Rd2 Bf8 0-1

[Event "Fredericia Chess 2023 IM"]
[Site "Fredericia"]
[Date "2023.05.20"]
[Round "6.1"]
[White "Fries Nielsen, Jens Ove"]
[Black "Nilssen, Ellen Fredericia"]
[Result "1-0"]
[WhiteElo "2377"]
[BlackElo "2114"]
[PlyCount "63"]
[EventDate "2023.05.17"]
[EventType "tourn"]
[EventRounds "9"]
[EventCountry "DEN"]
[SourceTitle "Live"]

1. Nf3 d5 2. d3 Nf6 3. Bg5 e6 4. Nbd2 Be7 5. e4 c5 6. c3 Nc6 7. a3 a5 8. e5 Nd7
9. Bxe7 Qxe7 10. d4 b6 11. Bb5 Bb7 12. h4 f6 13. exf6 gxf6 14. Qe2 Kd8 15. dxc5
bxc5 16. O-O Kc7 17. b4 axb4 18. cxb4 cxb4 19. axb4 Rxa1 20. Rxa1 Nce5 21. Nd4
Qxb4 22. Nxe6+ Kd6 23. Rb1 Qc3 24. f4 Kxe6 25. Bxd7+ Kxd7 26. Rxb7+ Kc8 27. Qa6
Qe3+ 28. Kh1 Qe1+ 29. Nf1 Qxh4+ 30. Kg1 Nf3+ 31. gxf3 Rg8+ 32. Rg7+ 1-0

[Event "Fredericia Chess 2023 IM"]
[Site "Fredericia"]
[Date "2023.05.20"]
[Round "6.2"]
[White "Nielsen, Viktor Haarmark"]
[Black "Larkin, Vladislav"]
[Result "1-0"]
[WhiteElo "2328"]
[BlackElo "2468"]
[PlyCount "111"]
[EventDate "2023.05.17"]
[EventType "tourn"]
[EventRounds "9"]
[EventCountry "DEN"]
[SourceTitle "Live"]

1. d4 Nc6 2. c4 e5 3. d5 Nce7 4. Nf3 Ng6 5. Nc3 Nf6 6. h4 h5 7. Bg5 d6 8. Qc2
Be7 9. e3 Bg4 10. Nd2 Nh7 11. Bxe7 Qxe7 12. Bd3 Nxh4 13. f3 Bd7 14. g3 e4 15.
Bxe4 Ng2+ 16. Kf2 Nxe3 17. Qd3 f5 18. Qxe3 fxe4 19. Rxh5 g6 20. Rh4 O-O-O 21.
Rah1 Bf5 22. g4 g5 23. Rh6 Bg6 24. Ndxe4 Rhg8 25. Qxa7 Rdf8 26. Rxg6 Rxg6 27.
Rxh7 Rxf3+ 28. Kxf3 Qxh7 29. Qa8+ Kd7 30. Qf8 Qh1+ 31. Ke2 Qh2+ 32. Kd3 Qh7 33.
Kd2 Qh2+ 34. Ke3 Qh3+ 35. Kd4 Qh6 36. Qf7+ Kd8 37. Nb5 Qh8+ 38. Kd3 Rg7 39.
Qf6+ Kc8 40. Nxg5 Kb8 41. Ne6 Qh3+ 42. Kc2 Qg2+ 43. Kb3 Rg8 44. Qf7 Qg3+ 45.
Ka4 Rc8 46. g5 Qh2 47. Kb3 Qg1 48. g6 c6 49. dxc6 bxc6 50. Nc3 d5 51. a3 Ka8
52. g7 Qg4 53. Ka2 Qxc4+ 54. Ka1 Qg4 55. Nc7+ Kb8 56. Ne8 1-0

[Event "Fredericia Chess 2023 IM"]
[Site "Fredericia"]
[Date "2023.05.20"]
[Round "6.3"]
[White "Van Foreest, Machteld"]
[Black "Ramsdal, Jens Albert"]
[Result "0-1"]
[WhiteElo "2299"]
[BlackElo "2366"]
[PlyCount "68"]
[EventDate "2023.05.17"]
[EventType "tourn"]
[EventRounds "9"]
[EventCountry "DEN"]
[SourceTitle "Live"]

1. d4 d5 2. Nf3 Nf6 3. c4 c6 4. Nc3 e6 5. e3 Nbd7 6. Bd3 dxc4 7. Bxc4 b5 8. Bd3
a6 9. O-O c5 10. Qe2 Bb7 11. Rd1 Qb8 12. a3 Bd6 13. h3 O-O 14. Bc2 b4 15. axb4
cxb4 16. Na4 Ne4 17. Nd2 Ndf6 18. Nxe4 Bxe4 19. Bxe4 Nxe4 20. Qf3 f5 21. Bd2
Rc8 22. d5 g6 23. dxe6 Rc2 24. Rac1 Qc7 25. Rxc2 Qxc2 26. Nb6 Re8 27. Nd5 a5
28. g4 Rxe6 29. gxf5 gxf5 30. Be1 Rg6+ 31. Kh1 Qc4 32. Bxb4 Nxf2+ 33. Qxf2 Qe4+
34. Qf3 Qxf3# 0-1

[Event "Fredericia Chess 2023 IM"]
[Site "Fredericia"]
[Date "2023.05.20"]
[Round "6.4"]
[White "Kistrup, Nicolai"]
[Black "Brynell, Stellan"]
[Result "1/2-1/2"]
[WhiteElo "2319"]
[BlackElo "2403"]
[PlyCount "151"]
[EventDate "2023.05.17"]
[EventType "tourn"]
[EventRounds "9"]
[EventCountry "DEN"]
[SourceTitle "Live"]

1. d4 Nf6 2. c4 e6 3. Nc3 Bb4 4. Qc2 c5 5. dxc5 O-O 6. a3 Bxc5 7. Bf4 b6 8. Rd1
Bb7 9. e3 Nh5 10. Bg3 f5 11. Qd2 Nxg3 12. hxg3 Qf6 13. Nf3 Rd8 14. Bd3 Nc6 15.
g4 Ne5 16. Nxe5 Qxe5 17. b4 Bf8 18. f4 Qf6 19. e4 a5 20. exf5 axb4 21. Ne4 Bxe4
22. Bxe4 Rxa3 23. fxe6 g6 24. exd7 Bc5 25. g5 Qe6 26. Qe2 Kg7 27. Bd3 Qxe2+ 28.
Bxe2 Be3 29. g3 b3 30. Bg4 b2 31. Ke2 Bc1 32. Rxc1 bxc1=Q 33. Rxc1 Rxg3 34. Be6
Kf8 35. Rb1 Ke7 36. Rxb6 Rc3 37. Rc6 Rxd7 38. Bxd7 Kxd7 39. Kd2 Rh3 40. Rf6 Kc7
41. c5 Kd7 42. c6+ Kc7 43. Ke2 Kb6 44. Kf2 Kc7 45. Kg2 Ra3 46. Rf7+ Kxc6 47.
Rxh7 Kd5 48. Re7 Rb3 49. Kf2 Ra3 50. Re3 Ra1 51. Re5+ Kd6 52. Re8 Kd7 53. Re3
Rb1 54. Kf3 Rf1+ 55. Kg3 Rg1+ 56. Kf2 Ra1 57. Re4 Ra3 58. Ke2 Rb3 59. Kd2 Rf3
60. Ke2 Rb3 61. Re3 Rxe3+ 62. Kxe3 Ke7 63. Kd3 Kd7 64. Kc3 Ke6 65. Kd2 Kd6 66.
Ke2 Ke6 67. Kf2 Kd7 68. Kf3 Kd6 69. Kg3 Ke7 70. Kf3 Kd6 71. Ke2 Ke6 72. Ke3 Ke7
73. Kd4 Kd6 74. Kc4 Ke6 75. Kd3 Kd7 76. Ke4 1/2-1/2

[Event "Fredericia Chess 2023 IM"]
[Site "Fredericia"]
[Date "2023.05.20"]
[Round "6.5"]
[White "Toktomushev, Teimur"]
[Black "Loftgaard, Mikkel Vinh"]
[Result "1/2-1/2"]
[WhiteElo "2239"]
[BlackElo "2258"]
[PlyCount "62"]
[EventDate "2023.05.17"]
[EventType "tourn"]
[EventRounds "9"]
[EventCountry "DEN"]
[SourceTitle "Live"]

1. d4 Nf6 2. c4 e6 3. Nf3 d5 4. Nc3 Bb4 5. Qa4+ Nc6 6. e3 O-O 7. Qc2 dxc4 8.
Bxc4 Na5 9. Bd3 b6 10. Bd2 c5 11. dxc5 bxc5 12. a3 c4 13. Bxh7+ Nxh7 14. axb4
Nb3 15. Rd1 Bb7 16. e4 Qb6 17. b5 f5 18. Be3 Qc7 19. O-O Nf6 20. b6 Qe7 21. Nb5
fxe4 22. Ne5 Qe8 23. Nd6 Qh5 24. Nxb7 Qxe5 25. h3 axb6 26. Qxc4 Na5 27. Nxa5
bxa5 28. Bd4 Qf5 29. Bxf6 Rxf6 30. Rde1 Rb8 31. Rxe4 Rxb2 1/2-1/2

[Event "Fredericia Chess 2023 IM"]
[Site "Fredericia"]
[Date "2023.05.20"]
[Round "7.1"]
[White "Ramsdal, Jens Albert"]
[Black "Fries Nielsen, Jens Ove"]
[Result "1/2-1/2"]
[WhiteElo "2366"]
[BlackElo "2377"]
[PlyCount "76"]
[EventDate "2023.05.17"]
[EventType "tourn"]
[EventRounds "9"]
[EventCountry "DEN"]
[SourceTitle "Live"]

1. d4 Nf6 2. c4 b6 3. Nc3 Bb7 4. Qc2 d6 5. e4 Nbd7 6. Be2 e5 7. d5 Be7 8. g4 h6
9. Be3 a6 10. h4 c6 11. Rh3 cxd5 12. cxd5 b5 13. g5 hxg5 14. hxg5 Rxh3 15. Nxh3
Nh7 16. Qd2 Ndf8 17. f4 exf4 18. Nxf4 g6 19. O-O-O Nxg5 20. Nd3 Nfh7 21. Rf1
Qa5 22. a3 Rc8 23. Rf4 Nf6 24. Nf2 b4 25. axb4 Qxb4 26. Kb1 Qa5 27. Rh4 Ngh7
28. Bd4 Nf8 29. Rh8 Qb4 30. Ng4 N6h7 31. Be3 Nf6 32. Bh6 Nxe4 33. Nxe4 Qxe4+
34. Ka1 Qa4+ 35. Kb1 Qe4+ 36. Ka1 Qa4+ 37. Kb1 Qe4+ 38. Ka1 Qf3 1/2-1/2

[Event "Fredericia Chess 2023 IM"]
[Site "Fredericia"]
[Date "2023.05.20"]
[Round "7.2"]
[White "Nilssen, Ellen Fredericia"]
[Black "Nielsen, Viktor Haarmark"]
[Result "1-0"]
[WhiteElo "2114"]
[BlackElo "2328"]
[PlyCount "71"]
[EventDate "2023.05.17"]
[EventType "tourn"]
[EventRounds "9"]
[EventCountry "DEN"]
[SourceTitle "Live"]

1. e4 c5 2. Nf3 e6 3. g3 Nc6 4. Bg2 Nf6 5. Qe2 e5 6. c3 Be7 7. O-O O-O 8. Na3
Re8 9. d3 h6 10. Nc4 d6 11. Ne3 b5 12. Nh4 Bd7 13. Nef5 Bf8 14. f4 exf4 15.
Bxf4 Ne5 16. d4 cxd4 17. cxd4 Qb6 18. Kh1 Ng6 19. Qd3 Rad8 20. Be3 b4 21. Nxg6
Bxf5 22. exf5 fxg6 23. fxg6 d5 24. Rf4 Ne4 25. Bxe4 Rxe4 26. Rxe4 Qxg6 27. Bg5
Qxg5 28. Re5 Qf6 29. Rf1 Qd6 30. Qf5 Qc7 31. Qe6+ Kh8 32. Ref5 Qb8 33. Rf7 b3
34. axb3 Qb4 35. Qf5 Kg8 36. Rd7 1-0

[Event "Fredericia Chess 2023 IM"]
[Site "Fredericia"]
[Date "2023.05.20"]
[Round "7.3"]
[White "Larkin, Vladislav"]
[Black "Toktomushev, Teimur"]
[Result "0-1"]
[WhiteElo "2468"]
[BlackElo "2239"]
[PlyCount "122"]
[EventDate "2023.05.17"]
[EventType "tourn"]
[EventRounds "9"]
[EventCountry "DEN"]
[SourceTitle "Live"]

1. e4 c5 2. Nf3 e6 3. d4 cxd4 4. Nxd4 a6 5. Nc3 b5 6. Bd3 Bb7 7. O-O Nc6 8.
Nxc6 Bxc6 9. Re1 Qb8 10. Kh1 Bc5 11. Qf3 Ne7 12. Qh5 Qa7 13. Be3 Bxe3 14. Rxe3
Ng6 15. Ne2 d6 16. Rf1 Qc5 17. Qh3 O-O 18. c3 Rae8 19. f4 b4 20. Bxa6 d5 21.
cxb4 Qa7 22. exd5 Bxd5 23. Bb5 Rc8 24. Nc3 Ba8 25. Bd3 Qd4 26. Bxg6 hxg6 27. a3
Qd2 28. Rfe1 Qxb2 29. Kg1 Rfd8 30. Nd1 Qa2 31. Nf2 Rd2 32. Qh4 Qd5 33. Qg3 Qd4
34. Rd3 Re2 35. Red1 Qb6 36. Kf1 Ra2 37. Qe3 Qc7 38. R1d2 Ra1+ 39. Rd1 Ra2 40.
R3d2 Qc4+ 41. Kg1 Bd5 42. Rxa2 Qxa2 43. h3 Qb2 44. Rd3 Rc1+ 45. Kh2 Rc2 46. Kg3
Re2 47. Qc5 g5 48. Qd4 Qc2 49. Rc3 gxf4+ 50. Kh2 Qg6 51. g4 Qb1 52. Rf3 Bxf3
53. Qd8+ Kh7 54. Qh4+ Kg6 55. Qh5+ Kf6 56. g5+ Ke5 57. Qxf3 Qf1 58. Qc3+ Kf5
59. Qd3+ Kxg5 60. Qd8+ Kg6 61. Qd3+ f5 0-1

[Event "Fredericia Chess 2023 IM"]
[Site "Fredericia"]
[Date "2023.05.20"]
[Round "7.4"]
[White "Loftgaard, Mikkel Vinh"]
[Black "Kistrup, Nicolai"]
[Result "0-1"]
[WhiteElo "2258"]
[BlackElo "2319"]
[PlyCount "124"]
[EventDate "2023.05.17"]
[EventType "tourn"]
[EventRounds "9"]
[EventCountry "DEN"]
[SourceTitle "Live"]

1. e4 c5 2. c3 Nf6 3. e5 Nd5 4. d4 cxd4 5. Nf3 d6 6. cxd4 Nc6 7. Bc4 Nb6 8. Bb5
dxe5 9. Nxe5 Bd7 10. a4 a6 11. Bxc6 Bxc6 12. Nxc6 bxc6 13. O-O e6 14. Qg4 h5
15. Qf3 Qd5 16. Qe2 Qxd4 17. Rd1 Qc4 18. Qf3 Nd5 19. Be3 Qg4 20. Nd2 Be7 21.
Rac1 Bf6 22. Rxc6 Qxa4 23. Rc4 Qb5 24. Rc5 Qb8 25. Ne4 Be7 26. Bd4 Bxc5 27.
Bxc5 Qf4 28. Qe2 Rd8 29. Qc4 Qc7 30. Qxa6 Kd7 31. Bd6 Ra8 32. Qe2 Qc6 33. Qf3
f5 34. Ba3 fxe4 35. Qf7+ Kc8 36. Qxg7 Rd8 37. Qg5 e3 38. fxe3 Kb7 39. e4 Qb6+
40. Kh1 Ne3 41. Qe7+ Ka6 42. Rg1 Ng4 43. Bc5 Qc6 44. b4 Kb5 45. Qf7 Qxe4 46.
Rc1 Ra2 47. Qf1+ Qe2 48. Qg1 Rdd2 49. h3 Nf2+ 50. Bxf2 Qxf2 51. Rc5+ Kb6 52.
Qxf2 Rxf2 53. Rg5 h4 54. Rg4 e5 55. b5 Kxb5 56. Re4 Rfe2 57. Rg4 Kc5 58. Kh2
Rxg2+ 59. Rxg2 Rxg2+ 60. Kxg2 Kd4 61. Kf2 Kd3 62. Ke1 Ke3 0-1

[Event "Fredericia Chess 2023 IM"]
[Site "Fredericia"]
[Date "2023.05.20"]
[Round "7.5"]
[White "Brynell, Stellan"]
[Black "Van Foreest, Machteld"]
[Result "0-1"]
[WhiteElo "2403"]
[BlackElo "2299"]
[PlyCount "154"]
[EventDate "2023.05.17"]
[EventType "tourn"]
[EventRounds "9"]
[EventCountry "DEN"]
[SourceTitle "Live"]

1. d4 d5 2. c4 e6 3. Nf3 Nf6 4. Nc3 Be7 5. Bg5 O-O 6. e3 h6 7. Bxf6 Bxf6 8. Rc1
b6 9. Be2 c6 10. O-O Bb7 11. cxd5 cxd5 12. Bd3 Nc6 13. a3 Rc8 14. Qe2 Qe7 15.
Nd2 Na5 16. f4 Rc7 17. Nb5 Rxc1 18. Rxc1 Rc8 19. Rxc8+ Bxc8 20. Nf3 Qd7 21. Nc3
Qc7 22. Ne5 Bb7 23. Kf2 Nc6 24. Nb5 Qe7 25. g3 Bxe5 26. fxe5 f6 27. exf6 Qxf6+
28. Qf3 Qxf3+ 29. Kxf3 Kf8 30. Kg4 Ke7 31. Nc3 Kf6 32. Bb5 Ne7 33. Ne2 Nf5 34.
Kf3 e5 35. Bd7 Nd6 36. b4 Nc4 37. a4 Ke7 38. Bf5 e4+ 39. Kf2 Nb2 40. Nc3 Nd3+
41. Ke2 Nxb4 42. Kd2 Nd3 43. Bg4 Nb2 44. Be2 Bc6 45. Bb5 Bxb5 46. axb5 Ke6 47.
Ke2 Nc4 48. g4 Nd6 49. Kf2 Ne8 50. Kg3 Nc7 51. Kh4 g6 52. g5 h5 53. Kg3 Kd6 54.
h4 Ne6 55. Ne2 Ng7 56. Nf4 Nf5+ 57. Kh3 Ne7 58. Kg3 Kc7 59. Ne6+ Kd7 60. Nf8+
Ke8 61. Ne6 Nf5+ 62. Kf4 Ke7 63. Ke5 Nxe3 64. Nf4 Kf7 65. Ne2 Ke7 66. Nf4 Kf7
67. Ne2 Nf5 68. Kxd5 e3 69. Ke4 Nxh4 70. Kxe3 Nf5+ 71. Ke4 Nd6+ 72. Kd5 Nxb5
73. Kc6 Nxd4+ 74. Nxd4 h4 75. Nf3 h3 76. Kd5 a5 77. Ke4 a4 0-1

[Event "Fredericia Chess 2023 IM"]
[Site "Fredericia"]
[Date "2023.05.21"]
[Round "8.1"]
[White "Fries Nielsen, Jens Ove"]
[Black "Brynell, Stellan"]
[Result "1/2-1/2"]
[WhiteElo "2377"]
[BlackElo "2403"]
[PlyCount "65"]
[EventDate "2023.05.17"]
[EventType "tourn"]
[EventRounds "9"]
[EventCountry "DEN"]
[SourceTitle "Live"]

1. Nf3 Nf6 2. e3 g6 3. b4 Bg7 4. Bb2 O-O 5. c4 d6 6. Be2 e5 7. O-O Nbd7 8. d3
Re8 9. Nbd2 Qe7 10. Rc1 a5 11. a3 axb4 12. axb4 Nf8 13. c5 Nd5 14. cxd6 cxd6
15. b5 Nb6 16. Ra1 Be6 17. Nc4 Nxc4 18. dxc4 Nd7 19. Ba3 Nc5 20. Bxc5 dxc5 21.
e4 f6 22. Qc2 Bh6 23. h3 Red8 24. Rxa8 Rxa8 25. Rd1 Rd8 26. Ra1 Qc7 27. Rd1 Kf8
28. Rd3 Ke7 29. Ra3 Rd7 30. Ra8 Rd8 31. Ra3 Rd7 32. Ra8 Rd8 33. Ra3 1/2-1/2

[Event "Fredericia Chess 2023 IM"]
[Site "Fredericia"]
[Date "2023.05.21"]
[Round "8.2"]
[White "Nielsen, Viktor Haarmark"]
[Black "Ramsdal, Jens Albert"]
[Result "1-0"]
[WhiteElo "2328"]
[BlackElo "2366"]
[PlyCount "85"]
[EventDate "2023.05.17"]
[EventType "tourn"]
[EventRounds "9"]
[EventCountry "DEN"]
[SourceTitle "Live"]

1. d4 e6 2. c4 b6 3. e4 Bb4+ 4. Bd2 Bxd2+ 5. Qxd2 d5 6. cxd5 exd5 7. e5 Ne7 8.
Nc3 O-O 9. Be2 c5 10. f4 Nbc6 11. Nf3 f6 12. exf6 Rxf6 13. O-O Qd6 14. g3 Bf5
15. Rac1 a6 16. Na4 c4 17. Nxb6 Raf8 18. Na4 Bh3 19. Rf2 h6 20. Bf1 Bd7 21. Bg2
Nf5 22. Nc3 Be6 23. Re1 Kh8 24. Rd1 Bg8 25. Ne5 Nfe7 26. Rdf1 Qd8 27. Ne2 Qb6
28. Nd7 Qb4 29. Qxb4 Nxb4 30. Nxf8 Rxf8 31. Nc3 Nf5 32. Rd2 Rd8 33. Bh3 Nd6 34.
Re1 Nd3 35. Re7 Rb8 36. Rd7 Ne4 37. Nxe4 dxe4 38. Bf5 e3 39. Re2 Re8 40. Bg6
Nc1 41. Bxe8 Nxe2+ 42. Kf1 Nc1 43. Bg6 1-0

[Event "Fredericia Chess 2023 IM"]
[Site "Fredericia"]
[Date "2023.05.21"]
[Round "8.3"]
[White "Toktomushev, Teimur"]
[Black "Nilssen, Ellen Fredericia"]
[Result "0-1"]
[WhiteElo "2239"]
[BlackElo "2114"]
[PlyCount "112"]
[EventDate "2023.05.17"]
[EventType "tourn"]
[EventRounds "9"]
[EventCountry "DEN"]
[SourceTitle "Live"]

1. d4 Nf6 2. c4 e6 3. Nf3 d5 4. Nc3 c5 5. cxd5 Nxd5 6. e4 Nxc3 7. bxc3 cxd4 8.
cxd4 Bb4+ 9. Bd2 Bxd2+ 10. Qxd2 O-O 11. Bc4 Nd7 12. O-O b6 13. Rfe1 Bb7 14.
Rad1 Rc8 15. Bd3 h6 16. Bb1 Re8 17. h3 Qc7 18. d5 exd5 19. exd5 Qd6 20. Nh4 Qf6
21. Nf5 Re5 22. Rxe5 Nxe5 23. d6 Rd8 24. f4 Nc4 25. Qe2 Qb2 26. Qg4 Qf6 27. Qe2
Qb2 28. Qxb2 Nxb2 29. Re1 Nc4 30. Re7 Bc8 31. Bd3 Bxf5 32. Bxc4 Be6 33. Bxe6
fxe6 34. Rxe6 Kf7 35. f5 Re8 36. Rxe8 Kxe8 37. Kf2 Kd7 38. Ke3 Kxd6 39. Kd4 h5
40. Kc4 a6 41. g3 Ke5 42. a3 Ke4 43. g4 hxg4 44. hxg4 Kf4 45. Kd5 Kxg4 46. Kc6
Kxf5 47. Kxb6 g5 48. Kxa6 g4 49. a4 g3 50. a5 g2 51. Kb7 g1=Q 52. a6 Qg2+ 53.
Kb8 Qg3+ 54. Kc8 Qf3 55. Kb8 Qf4+ 56. Ka8 Qc7 0-1

[Event "Fredericia Chess 2023 IM"]
[Site "Fredericia"]
[Date "2023.05.21"]
[Round "8.4"]
[White "Loftgaard, Mikkel Vinh"]
[Black "Larkin, Vladislav"]
[Result "0-1"]
[WhiteElo "2258"]
[BlackElo "2468"]
[PlyCount "132"]
[EventDate "2023.05.17"]
[EventType "tourn"]
[EventRounds "9"]
[EventCountry "DEN"]
[SourceTitle "Live"]

1. e4 Nf6 2. e5 Nd5 3. d4 d6 4. c4 Nb6 5. exd6 cxd6 6. Nc3 g6 7. b3 Bg7 8. Nf3
O-O 9. Be2 Nc6 10. O-O d5 11. Be3 dxc4 12. bxc4 Bg4 13. c5 Nd5 14. Nxd5 Qxd5
15. h3 Bf5 16. Qa4 Be4 17. Rfd1 Qf5 18. Rac1 Rfd8 19. Rd2 Qd7 20. Rcd1 Bd5 21.
Qa3 Qc7 22. Ne1 Rd7 23. Nc2 Rad8 24. Nb4 Nxb4 25. Qxb4 a6 26. a4 Qc6 27. Bf1
Qf6 28. Bc4 Qc6 29. Bf1 Qe6 30. Be2 h6 31. a5 f5 32. Qb6 g5 33. Qxe6+ Bxe6 34.
g3 Bd5 35. f4 Bf6 36. Kf2 Kf7 37. Bh5+ Kg7 38. Bf3 gxf4 39. Bxf4 Bxf3 40. Kxf3
Rxd4 41. Rxd4 Rxd4 42. Rb1 Rd3+ 43. Ke2 Rd7 44. Rb6 Bg5 45. Be5+ Kf7 46. c6
bxc6 47. Rxc6 Rd2+ 48. Kf3 Rd5 49. Bc3 Rd3+ 50. Kg2 Bd2 51. Bxd2 Rxd2+ 52. Kf3
Rd6 53. Rc5 Kf6 54. g4 e5 55. Rc8 f4 56. h4 Rd3+ 57. Ke4 Rd4+ 58. Kf3 Ke6 59.
Rc6+ Kd5 60. Rxa6 Rd3+ 61. Kf2 Ke4 62. Rb6 Rd2+ 63. Ke1 Ra2 64. a6 Kf3 65. g5
hxg5 66. hxg5 e4 0-1

[Event "Fredericia Chess 2023 IM"]
[Site "Fredericia"]
[Date "2023.05.21"]
[Round "8.5"]
[White "Kistrup, Nicolai"]
[Black "Van Foreest, Machteld"]
[Result "1-0"]
[WhiteElo "2319"]
[BlackElo "2299"]
[PlyCount "71"]
[EventDate "2023.05.17"]
[EventType "tourn"]
[EventRounds "9"]
[EventCountry "DEN"]
[SourceTitle "Live"]

1. d4 d5 2. c4 e6 3. Nf3 Nf6 4. g3 Be7 5. Bg2 O-O 6. Nc3 dxc4 7. Ne5 c5 8. dxc5
Qxd1+ 9. Nxd1 Bxc5 10. O-O Rd8 11. Ne3 Nfd7 12. Rd1 Be7 13. N5xc4 Nc6 14. Bd2
Nf6 15. Bc3 Bd7 16. Nd6 Bxd6 17. Rxd6 Be8 18. Rxd8 Rxd8 19. Kf1 Kf8 20. Ke1 Ke7
21. b4 Rd7 22. a4 Kd8 23. g4 h6 24. h4 Nd4 25. Rd1 Nb3 26. Rb1 Nd4 27. g5 hxg5
28. hxg5 Nh5 29. b5 Kc8 30. Rb4 Nf5 31. Nxf5 exf5 32. Bf3 g6 33. Be5 Re7 34.
Rc4+ Kd8 35. Bd4 b6 36. Bxh5 1-0

[Event "Fredericia Chess 2023 IM"]
[Site "Fredericia"]
[Date "2023.05.21"]
[Round "9.1"]
[White "Van Foreest, Machteld"]
[Black "Fries Nielsen, Jens Ove"]
[Result "1/2-1/2"]
[WhiteElo "2299"]
[BlackElo "2377"]
[PlyCount "66"]
[EventDate "2023.05.17"]
[EventType "tourn"]
[EventRounds "9"]
[EventCountry "DEN"]
[SourceTitle "Live"]

1. e4 g6 2. d4 Bg7 3. Nf3 e6 4. Bd3 d6 5. O-O Nd7 6. Re1 h6 7. Nc3 Ne7 8. a4
O-O 9. e5 dxe5 10. Nxe5 Nf6 11. Be3 Nf5 12. a5 Nxe3 13. fxe3 c5 14. Ne2 Nd5 15.
Qd2 Qg5 16. Nc4 cxd4 17. exd4 Qxd2 18. Nxd2 Nb4 19. Be4 Rd8 20. c3 Nd5 21. a6
Rb8 22. axb7 Rxb7 23. Ra2 Re7 24. Rea1 a6 25. Ra5 Nb6 26. Bd3 e5 27. Nb3 Be6
28. Rxa6 Bxb3 29. Rxb6 Be6 30. Re1 Kh7 31. Rb4 Kg8 32. Rb5 Rc8 33. Nc1 Rd8
1/2-1/2

[Event "Fredericia Chess 2023 IM"]
[Site "Fredericia"]
[Date "2023.05.21"]
[Round "9.2"]
[White "Larkin, Vladislav"]
[Black "Kistrup, Nicolai"]
[Result "1-0"]
[WhiteElo "2468"]
[BlackElo "2319"]
[PlyCount "103"]
[EventDate "2023.05.17"]
[EventType "tourn"]
[EventRounds "9"]
[EventCountry "DEN"]
[SourceTitle "Live"]

1. d4 Nf6 2. Bf4 d5 3. e3 c5 4. c3 Nc6 5. Nd2 Qb6 6. Qb3 c4 7. Qc2 Bg4 8. Be2
Bxe2 9. Nxe2 e6 10. Bg5 Be7 11. Bxf6 Bxf6 12. e4 Qc7 13. h4 h5 14. g3 b5 15.
exd5 exd5 16. Kf1 g6 17. Nf4 O-O-O 18. Nf3 Bg7 19. b4 Bh6 20. a4 a6 21. axb5
axb5 22. Ra8+ Kb7 23. Nxd5 Qd6 24. Rxd8 Rxd8 25. Nf4 Bxf4 26. gxf4 Qxf4 27. Rh3
Re8 28. Rg3 Re4 29. Qb1 Re7 30. Qa1 Qe4 31. Kg2 Re6 32. Kg1 Rf6 33. Ng5 Qxh4
34. Qe1 Qf4 35. Ne4 h4 36. Re3 Qg4+ 37. Kh1 Rf3 38. Nc5+ Kb6 39. Qa1 Rxe3 40.
fxe3 Qh3+ 41. Kg1 Qxe3+ 42. Kh2 Qg3+ 43. Kh1 Qh3+ 44. Kg1 Qg4+ 45. Kf1 Qc8 46.
Kg2 g5 47. Kh2 Ne7 48. Ne4 g4 49. d5 g3+ 50. Kg2 Qg4 51. Qa5+ Kb7 52. Nd6+ 1-0

[Event "Fredericia Chess 2023 IM"]
[Site "Fredericia"]
[Date "2023.05.21"]
[Round "9.3"]
[White "Brynell, Stellan"]
[Black "Nielsen, Viktor Haarmark"]
[Result "1/2-1/2"]
[WhiteElo "2403"]
[BlackElo "2328"]
[PlyCount "63"]
[EventDate "2023.05.17"]
[EventType "tourn"]
[EventRounds "9"]
[EventCountry "DEN"]
[SourceTitle "Live"]

1. d4 Nf6 2. Nf3 e6 3. c4 d5 4. Nc3 c5 5. cxd5 Nxd5 6. e4 Nxc3 7. bxc3 cxd4 8.
cxd4 Bb4+ 9. Bd2 Bxd2+ 10. Qxd2 O-O 11. Bc4 Nd7 12. O-O b6 13. Rad1 Bb7 14.
Rfe1 Rc8 15. Bb3 h6 16. h3 Re8 17. Qf4 Qc7 18. Qh4 Qd8 19. Qg3 Rc3 20. Qf4 Qc7
21. Qh4 Nf6 22. Ne5 b5 23. f3 a5 24. Rd2 a4 25. Bd1 Rc1 26. Qf2 Qc3 27. Nd3 Rb1
28. Nc5 Bc8 29. Rd3 Qa1 30. a3 Nd7 31. Kf1 Rd8 32. Bc2 1/2-1/2